L'Histoire (Record no. 157444)

MARC details
000 -LEADER
campo de control de longitud fija 00707nam a22001935i 4500
001 - NÚMERO DE CONTROL
campo de control 157444
003 - IDENTIFICADOR DE NÚMERO DE CONTROL
campo de control ES-MaACL
005 - FECHA Y HORA DE LA ÚLTIMA TRANSACCIÓN
campo de control 20230906210705.0
008 - DATOS DE LONGITUD FIJA--INFORMACIÓN GENERAL
campo de control de longitud fija 990701s1897 fr |||| | fre d
040 ## - FUENTE DE CATALOGACIÓN
Centro catalogador/agencia de origen GA
Lengua de catalogación spa
Centro/agencia transcriptor CCPB | 3D
100 1# - ENTRADA PRINCIPAL--NOMBRE DE PERSONA
Nombre de persona Lefèvre, André.
9 (RLIN) 71236
245 12 - MENCIÓN DEL TÍTULO
Título L'Histoire
Resto del título : entretiens sur l'évolution historique /
Mención de responsabilidad, etc. par André Lefévre.
260 ## - PUBLICACIÓN, DISTRIBUCIÓN, ETC.
Lugar de publicación, distribución, etc. Paris :
Nombre del editor, distribuidor, etc. Schleicher Frères,
Fecha de publicación, distribución, etc. 1897 (
Fabricante Typographie A. Hennuyer)
300 ## - DESCRIPCIÓN FÍSICA
Extensión VIII, 691 p. ;
Dimensiones 19 cm.
490 1# - MENCIÓN DE SERIE
Mención de serie Bibliothèque des sciences contemporaines. . 2ème série
830 0# - PUNTO DE ACCESO ADICIONAL DE SERIE-TÍTULO UNIFORME
Título uniforme Bibliothèque des sciences contemporaines. . 2ème série
9 (RLIN) 221787
852 ## - LOCALIZACIÓN
Ubicación ES-MaACL
Número de control de estantería F-13392
Nota libre -- Enc. tela
Holdings
Estatus retirado Estado de pérdida Estado de daño No para préstamo Colección Biblioteca de origen Biblioteca actual Ubicación en estantería Fecha de adquisición Fuente de adquisición Total de préstamos Signatura topográfica completa Código de barras Visto por última vez Precio de reemplazo Tipo de ítem Koha
        Libros del s. XIX Biblioteca del Ateneo de Madrid Biblioteca del Ateneo de Madrid Sala Pecera Planta 2 17/01/2008     F-13392 1164762 23/02/2023 23/02/2023 Libro impreso antiguo